000 00626 a2200205 4500
020 _a1576101339
040 _aDLC
082 0 0 _a005.713769
100 1 _aMillhollon, Mary.
245 1 0 _aMicrosoft Internet Explorer 4 FrontRunner
_cMary Millhollon, Luanne O'Loughlin, Toni Zuccarini.
246 3 _aInternet Explorer 4 FrontRunner
260 _aAlbany, NY :
_bCoriolis Group Books,
_cc1998.
300 _axxi, 472 p. :
_bill. ;
_c23 cm.
500 _aIncludes index.
650 0 _aInternet.
650 0 _aWorld Wide Web.
700 1 _aO'Loughlin, Luanne.
700 1 _aZuccarini, Toni.
942 _cBK
_k005.713769 MIL
_2ddc
999 _c6344
_d6344